[Event "RUS-ch (Women) 69th"]
[Site "Izhevsk"]
[Date "2019.08.11"]
[Round "2"]
[White "Girya, Olga"]
[Black "Charochkina, Daria"]
[Result "1-0"]
[WhiteElo "2462"]
[BlackElo "2352"]
[Annotator "Girya,O"]
[PlyCount "79"]
[EventDate "2019.08.10"]
[EventType "tourn"]
[EventRounds "11"]
[EventCountry "RUS"]
[EventCategory "8"]
[SourceTitle "CBM 192"]
[Source "ChessBase"]
[SourceDate "2019.10.31"]
[SourceVersion "1"]
[SourceVersionDate "2019.10.31"]
[SourceQuality "1"]

1. d4 d6 2. e4 Nf6 3. Nc3 c6 4. Nf3 g6 5. Be3 Bg7 6. h3 O-O 7. Qd2 b5 8. Bd3
Nbd7 {Ideally, in the Pirc Defence White should fine-tune his/her move order
very carefully to how Black is playing. However, not having much experience in
this opening, I was just following common sense.} 9. O-O ({Once Black's
b8-knight go to d7, it makes sense to consider e4-e5 since the f6-knight has
no convenient retreat. But right now, this move doesn't work:} 9. e5 b4 $1 10.
exf6 (10. Ne2 dxe5 11. dxe5 Nd5 {the knight took the central position - and
this is not what White had hoped for.}) 10... bxc3 11. bxc3 Nxf6 $11) 9... Bb7
({Black can take the e5 square under control, then White carries out a
standard transfer of the knight from c3 to g3.} 9... Qc7 10. Ne2 c5 11. c3 Bb7
12. Ng3 $14) ({After} 9... e5 {a typical reaction follows:} 10. dxe5 dxe5 11.
a4 $1 b4 12. Ne2 a5 13. Ng3 (13. c3 $5) 13... Qe7 14. c3 {White should use the
weakened pawn structure on the queenside.}) 10. e5 $1 {Now it's finally time
for this move!} Ne8 (10... b4 $6 11. exf6 bxc3 {By castling few moves back,
White has protected the king from the ...cxd2+, so now we can take the pawn on
e7:} 12. fxe7 Qxe7 13. bxc3 $16) 11. exd6 Nxd6 {I was expecting 11...exd6 -
and maybe because of that my next move was not the best one.} 12. Bh6 {I saw
the bishops' exchange as a first priority. I did expect the next move from
Black (...c5), but underestimated it.} ({It was better to move the rooks
closer to the center:} 12. Rfe1 a6 13. Rad1 $14) 12... c5 $1 13. Bxg7 Kxg7 14.
dxc5 ({Interestingly, this position was played in Zhou Weiqi (2560) - Li Haoyu
(2328) in 2008. Back then, White chose different way:} 14. Nxb5 $5 Nxb5 $6 ({
The proper reaction from Black should be} 14... Bxf3 15. dxc5 (15. gxf3 c4 $1
16. Nxd6 cxd3 17. Ne4 dxc2 18. Qxc2 Nb6 $15 {White has a terrible pawn
structure.}) 15... Ne4 $1 {Alas, here I stopped my calculation. I shouldn't
have - position is richer than the one I got in reality.} 16. Qe3 Bxg2 17. Bxe4
$5 (17. Kxg2 Nexc5) 17... Bxf1 18. Rxf1 Qa5 {Now White can consider either to
regain the exchange or continue playing without it, counting on the strong
pawns.} ({After} 18... Rc8 19. b4 {Black's pieces feel very uncomfortable.})
19. c4 $5) 15. Bxb5 Bxf3 16. dxc5 $1 Ne5 17. Qc3 f6 18. gxf3 Qd5 19. Be2 $16 {
1-0 (50) Zhou Weiqi (2560)-Li Haoyu (2328) Jiangsu Wuxi CHN 2008}) 14... Nxc5
15. Bxb5 (15. Nxb5 Nxd3 16. Qxd3 Bxf3 17. Nxd6 Bxg2 18. Kxg2 exd6 $11) 15...
Qb6 (15... Bxf3 $5 16. Qd4+ f6 17. Qxc5 Rc8 18. Qxa7 Bxg2 19. Kxg2 Nxb5 20.
Nxb5 Qd5+ 21. Kg1 Qg5+ $5 22. Kh1 Qd5+ 23. f3 (23. Kh2 Qe5+) 23... Qxb5 $11)
16. Be2 Qxb2 {I Was very happy to see this move. 16... Rac8 or 16...Rfd8 could
give Black valid compensation for the lost pawn, and I would have to carefully
bring down the activity of the black pieces. After ...Qxb2, the game for White
is much easier.} 17. Rfb1 $6 {I spent a lot of time choosing the rook to go to
b1. Finally, I decided: let the pawn on a2 stay protected. Just in case. Quite
soon it became obvious that I was wrong - the unprotected rook on a1 allowed
Black to win a tempo.} (17. Qd4+ Kg8 18. Qxc5 Rfc8 19. Na4 $6 (19. Qe3 Qxc3 $11
) 19... Rxc5 20. Nxb2 Rxc2 $17) (17. Rab1 $5 Qa3 18. Nb5 {with the same ideas
as in the game}) 17... Qa3 18. Nb5 Nxb5 19. Rxb5 Rfd8 ({It was better for
Black to change the bishop for the knight:} 19... Bxf3 20. Bxf3 Rac8 21. Ra5
Qb2 {- that's when White would start regretting having left the rook on a1.})
20. Qg5 Rac8 $6 ({It was time to return the queen to the fight:} 20... Qc3 $1
21. Rab1 Bd5 22. Qxe7 Rac8 $11 {White can't keep the extra pawn.}) (20... Bxf3
21. Qe5+ Kg8 22. Bxf3 Rac8 23. Qxe7 $14) 21. Qe5+ Kg8 22. Ng5 (22. Qxe7 $4 Re8
$19) 22... Bd5 (22... Ba6 23. Bc4 $1 (23. Qxe7 Rd7) 23... e6 24. Qf6 Rd7 25.
Rxc5 Qxc5 26. Nxe6 $18) 23. Rd1 a6 (23... h6 24. Nxf7 $1) 24. Rbb1 Be6 $2 ({
The best defence was} 24... h6 25. c4 $5 (25. Rxd5 Rxd5 26. Qxd5 hxg5 27. Bc4
e6 28. Qxg5 Qa4 $1 29. Bb3 Nxb3 30. axb3 Qe4 $11) 25... Be6 26. Nxe6 Nxe6 27.
Bg4 Rxd1+ 28. Rxd1 Rd8 29. Re1 Rd6 30. Bxe6 Rxe6 31. Qb8+ Kg7 32. Rxe6 fxe6 33.
Qe5+ Kf7 34. Qf4+ Kg7 35. Qd2 $14) 25. Rxd8+ Rxd8 26. Bg4 Bxg4 27. Qxe7 Rf8 28.
hxg4 Qxa2 29. Re1 Rc8 (29... Qxc2 $2 30. Nxh7 $18) 30. Qf6 $2 {By this single
move, White loses all his advantage.} ({The winning move was} 30. Qd6 $1 {
, with two parallel threats: the rook invasion Re7 and Qh2.} h6 (30... Qxc2 31.
Qf6 Qa2 32. Re7 Rf8 33. Nxf7 Rxf7 34. Re8+ $18) 31. Nxf7 $1 Qxf7 32. Re7 $18)
30... h6 31. Nf3 (31. Re3 $6 Nd7 (31... hxg5 $4 32. Rh3 $18) 32. Qd4 hxg5)
31... Qd5 32. Qf4 {It was difficult to admit that I lost my advantage. I chose
this move to somehow continue the fight. That is also why 32.g5 was not
considered.} (32. g5 hxg5 33. Nxg5 Qf5 $11) {We were both in time trouble and
Daria couldn't find the best move.} 32... Kg7 (32... Ne6 $1 33. Qxh6 Rxc2 {
After this, White should play very carefully to achive the draw.}) 33. g5 h5 $6
{The computer considers the position equal even after this move, but the human
mind cannot justify the loss of f6 square.} (33... hxg5 34. Nxg5 Qd7 $11 (34...
Qf5 $2 35. Qh4 Rh8 36. Qd4+ $18)) 34. Re7 Rf8 $2 (34... Kf8 $1 {Not an obvious
solution.} 35. Qf6 Nd7 36. Qxa6 Rxc2 $11) 35. Ne5 {Now I'm back in full
control over the position.} Ne4 (35... Kg8 {could at least pose some
difficulties to White.}) 36. Kh2 Nd2 37. Rd7 Nf1+ 38. Kg1 Qa2 39. Qf6+ Kg8 40.
Nxg6 1-0

[Event "Groningen PCA"]
[Site "Groningen"]
[Date "1993.??.??"]
[Round "8"]
[White "Wolff, Patrick G"]
[Black "Gurevich, Mikhail"]
[Result "0-1"]
[WhiteElo "2585"]
[BlackElo "2605"]
[Annotator "Glatman,V"]
[PlyCount "76"]
[EventDate "1993.12.??"]
[EventType "swiss"]
[EventRounds "11"]
[EventCountry "NED"]
[SourceTitle "CBM 039"]
[Source "ChessBase"]
[SourceDate "1994.04.01"]
[SourceVersion "1"]
[SourceVersionDate "1994.04.01"]
[SourceQuality "1"]

1. e4 d6 2. d4 Nf6 3. Nc3 g6 4. Be3 c6 5. Qd2 Bg7 6. h3 (6. Bh6 Bxh6 7. Qxh6
Qa5 8. Bd3 c5 $1 9. dxc5 (9. d5 Nbd7 10. Nf3 b5 $1 11. O-O c4 12. Be2 b4 13.
Nd1 Qc5 14. Ne3 c3 15. bxc3 Qxc3 $10 {Adams,M-Van Wely,L/Debrecen/1992/1:0 (44)
Inf 56/137/}) (9. Nf3 cxd4 10. Nxd4 Qb6 11. O-O-O Nc6 12. Bb5 (12. Nxc6 $6 bxc6
13. Rd2 Rb8 14. Nd1 Be6 $17 {Van Der Wiel,J-Van Wely,L/Wijk aan Zee/1993/0:1 
(35) Inf 56/138/}) 12... Bd7 13. Nd5 Nxd5 14. exd5 Nxd4 15. Qg7 Rf8 16. Bxd7+
Kxd7 17. Qxd4 Qxd4 18. Rxd4 e5 19. dxe6+ fxe6 $10 {Rasik,V-Nijboer,F/Debrecen/
1992/0:1 (53)/}) 9... Qxc5 10. h3 Nc6 11. Nge2 g5 12. O-O Be6 13. Nd5 Bxd5 14.
exd5 Qxd5 15. Ng3 Ne5 16. Rad1 Qc5 $17 {Van Der Wiel,J-Van Wely,L/Breda/1992/})
(6. Nf3 b5 7. Bd3 Bg4 8. a4 (8. Bh6 Bxh6 9. Qxh6 Bxf3 10. gxf3 Nbd7 11. O-O-O
Qb6 12. Bf1 b4 13. Ne2 a5 $13 {Hodgson,J-Hickl,J/Calcutta/1993/0,5 (46)}) 8...
Bxf3 9. gxf3 bxa4 10. Rxa4 Nbd7 11. Ra6 Qc8 12. O-O O-O 13. Rfa1 Qb7 14. Be2
Nb6 $10 {Wolff,P-Nijboer,F/Wijk aan Zee/1993/0:1 (41)/}) (6. f3) 6... O-O 7.
Bd3 (7. f4 e5 $5 (7... b5 8. Bd3 Bb7 9. Nf3 Nbd7 10. O-O $16) 8. Nf3 (8. dxe5
dxe5 9. Qxd8 Rxd8 10. fxe5 Nh5 11. Nf3 Ng3 12. Rg1 Nxf1 13. Rxf1 Be6 $10) 8...
exd4 9. Nxd4 Re8 10. Bd3 Nbd7 11. O-O Nc5 $10) (7. Nf3 Nbd7 8. Bd3 (8. e5 dxe5
9. dxe5 Nd5 10. Nxd5 cxd5 11. Qxd5 Nxe5 $10) 8... e5 $10) 7... e5 8. Nf3 Nbd7
9. O-O Re8 10. Rad1 (10. a4 $5 exd4 11. Bxd4 Ne5 (11... Nc5 12. e5 $1) 12. Be2
$14) 10... b5 $10 11. dxe5 dxe5 12. Ne2 (12. Rfe1 Qe7 13. Bh6 Nc5 14. a3 Bb7
$10) 12... Qe7 13. Ng3 Bb7 14. c4 $6 (14. b4 $5 a5 15. a3 $10) 14... b4 15. a3
c5 $5 16. Qc2 (16. axb4 cxb4 17. Qc2 Nc5 $17) 16... a5 17. Ra1 Nf8 $1 $15 18.
Ra2 Qc7 19. Rfa1 Ne6 20. Nd2 (20. axb4 axb4 21. Rxa8 $15) 20... Nd4 21. Bxd4
exd4 $17 22. axb4 axb4 23. Ra7 (23. Rxa8 Bxa8 24. Ne2 Nh5 25. g3) 23... h5 $1
24. Nb3 (24. Ne2 $5 h4) 24... h4 25. Nf1 (25. Ne2 Rxa7 26. Rxa7 Qb6 $17) 25...
Rxa7 26. Rxa7 Qb6 27. Ra5 $8 Nxe4 28. Rb5 Qc7 29. f3 (29. Nfd2 Nxf2 $1 30. Kxf2
Qg3+ $19) 29... Ng5 30. Rxc5 Qf4 $1 31. Qf2 Re3 $1 (31... Bxf3 32. Rxg5 $16)
32. Nxe3 (32. Nc1 Rxf3 $1 33. gxf3 Nxh3+ $19) 32... dxe3 33. Qe2 Be5 (33... Ne6
$5) 34. Rxe5 $8 Qxe5 35. c5 $6 (35. Nc1 Ne6) 35... Bd5 36. Na5 Ne6 $19 37. Be4
Bxe4 38. Nc4 (38. Qxe3 Qxb2 39. Qxe4 Qa1+) 38... Bd3 $1 (38... Bd3 39. Qxd3 e2
40. Nxe5 e1=Q+ 41. Kh2 Qxe5+ $19) 0-1

[Event "Skopje op 18th"]
[Site "Skopje"]
[Date "2002.01.23"]
[Round "9"]
[White "Nedev, Trajce"]
[Black "Kutirov, Rolando"]
[Result "1-0"]
[WhiteElo "2487"]
[BlackElo "2367"]
[Annotator "Gofshtein,L"]
[PlyCount "67"]
[EventDate "2002.01.15"]
[EventType "swiss"]
[EventRounds "9"]
[EventCountry "MKD"]
[SourceTitle "CBM 088"]
[Source "ChessBase"]
[SourceDate "2002.03.21"]
[SourceVersion "1"]
[SourceVersionDate "2002.03.21"]
[SourceQuality "1"]

1. e4 g6 2. d4 Bg7 3. Nc3 c6 4. Nf3 d6 5. h3 Nf6 6. Bd3 O-O 7. O-O Nbd7 8. Be3
e5 (8... Qc7 9. Qd2 Re8 10. Bh6 Bh8 11. Rad1 e5 12. dxe5 dxe5 13. Bc4 {1/2-1/2
Janker,J-Oberberger,H/Landshut 2000/EXT 2001 (27)}) 9. Qd2 (9. dxe5 dxe5 10.
Qe2 Re8 (10... Qe7 11. Nd2 Nc5 12. Nb3 Ne6 $132 {0-1 Micic,J-Lemmers,O/
Ruhrgebiet 1997/EXT 2002 (54)}) 11. Rad1 Qc7 12. Bc4 $14 {1-0 Benjamin,J-Reig
Albero,F/Ponferrada 1992/EXT 2000 (52)}) (9. a4 b6 10. Qd2 Re8 11. Rad1 Bb7 12.
dxe5 Nxe5 13. Be2 $14 {1-0 Medvegy,N-Mozes,E/Harkany 1993/EXT 97 (73)}) (9. Qc1
b5 10. a3 a6 11. Rd1 Qc7 12. Bh6 exd4 13. Nxd4 c5 14. Nf3 c4 15. Bf1 Nc5 16.
Bxg7 $16 {1-0 Bellon,J-Ribe/Tarragona 1994/EXT 2002 (27)}) 9... Qe7 {Black
might to capture some space by means of b5.} (9... b5 $5) 10. Rfe1 Rd8 11. a4
Nf8 {Dubious decision.Worth to attention 11...a5.} (11... a5 $5) 12. Rad1 Ne8 {
Passive option. It's not clear what plan choosed black.} 13. Bc4 {[%cal Yc4f7]
White improving position of their bishop.} Be6 {Black try to change their
passive bishop to whites active one.} 14. d5 {The important pawn stroke in the
center.} Bc8 {Passive move but its hard to advise somewhat active.} (14... cxd5
15. Nxd5 $16 {[%csl Rd5]}) 15. b4 Nc7 {The attemt to take under control d5
spot.} 16. Nh2 {White changing the direction of their initiative. They are
going to play f2-f4.} cxd5 17. exd5 Ne8 {Black continue their passive line.} (
17... f5 18. f4) 18. Bb3 Kh8 19. f4 Nd7 20. Nf3 Qf8 21. Ne4 {Whie brining
their pices closer to the center.} Nef6 22. Nxf6 Bxf6 23. c4 {[%csl Rc5][%cal
Yc4c5,Rd4c5,Re3c5] with a simple intention to play c4-c5.} b6 24. Qf2 {The
struggle around c5-square taking place.} exf4 25. Bxf4 Bc3 {The attempt to win
a pawn.} 26. Ng5 $1 {[%mdl 640] Unexpected attack.Almost all white pieces
hunting for black king.} Bxb4 (26... Bxe1 27. Rxe1 Re8 28. Bxd6 $40 Rxe1+ 29.
Qxe1 Qg7 (29... Qxd6 30. Nxf7+ $18) 30. Qe8+ Qg8 31. Qe7 $18) 27. Qh4 {[%csl
Rh7][%cal Rg5h7,Rh4h7]} Nf6 $8 (27... h5 28. Nxf7+ Qxf7 29. Qxd8+ $18) 28. Rf1
{[%cal Rf1f8] Strenghtening the pressure on "f"-file.} Bc5+ 29. Kh1 Bf5 {
Black try to break the "f"-file for pieces.} 30. Bc1 $3 {[%cal Gc1b2,Gb2h8]
[%mdl 2048] Decisife transfer of bishop to the a1-h8 diagonal.} Kg8 31. Bb2 $18
Nh5 32. Rxf5 gxf5 33. Qxh5 h6 34. Nh7 {[%csl Yf6][%cal Yh7f8,Yh7f6] Black
resign because of 34...Kh735.Qf5#} 1-0

[Event "Bermuda-B"]
[Site "Bermuda"]
[Date "2002.01.28"]
[Round "7"]
[White "Shahade, Gregory P"]
[Black "Nyback, Tomi"]
[Result "1-0"]
[WhiteElo "2454"]
[BlackElo "2448"]
[Annotator "Gofshtein,L"]
[PlyCount "53"]
[EventDate "2002.01.21"]
[EventType "tourn"]
[EventRounds "9"]
[EventCountry "BER"]
[EventCategory "8"]
[SourceTitle "CBM 088"]
[Source "ChessBase"]
[SourceDate "2002.03.21"]
[SourceVersion "1"]
[SourceVersionDate "2002.03.21"]
[SourceQuality "1"]

1. e4 {[%mdl 4]} d6 2. d4 Nf6 3. Nc3 g6 4. Nf3 Bg7 5. Be2 O-O 6. O-O c6 7. a4
Nbd7 8. Bf4 Qc7 9. e5 $5 {White must play active,because black could equalize
the game after e7-e5.} (9. Qd2 e5 10. Bh6 Re8 $5 (10... Bxh6 $6 11. Qxh6 Qb6 $2
12. a5 $1 Qxb2 13. Qd2 exd4 14. Na4 Nxe4 15. Qd3 Qb4 16. Qxe4 $18 {1-0 Blatny,
P-Stangl,M/Oakham 1990/CBM 16 ext (31)}) 11. Bxg7 Kxg7 12. Rfe1 $14 {1/2-1/2
Belkhodja,S-Hartoch,R/Amsterdam 1985/MCD (48)}) (9. h3 e5 10. dxe5 dxe5 11. Bh2
a5 $132 {1-0 Wittmann,W-Eisterer,H/Voitsberg 1995/CBM 49 ext (44)}) 9... Nh5 {
After 9...de white have stabile initiative.} (9... dxe5 10. Nxe5 Qd8 11. Re1
Nd5 12. Nxd5 cxd5 13. Bf3 Nf6 14. Qd2 Bf5 15. c4 $36 {1-0 Benson,C-Mitrovic,B/
Toronto 2000/EXT 2001 (30)}) 10. Bg5 {the main line of this variation.As a
tournament practice shown 10.ed don't give nothing to white.} (10. exd6 exd6
11. Be3 d5 $11 {1/2-1/2 Nikolic,Z-Matulovic,M/Smederevska Palanka 1982/MCL (62)
} (11... Re8 12. Re1 Nhf6 13. Qd2 a5 (13... Nb6 14. h3 $11 {1/2-1/2 Dorfman,
J-Tkachiev,V/France 2000/EXT 2001 (16)}) 14. Bf4 Nb6 15. h3 Bf5 16. Bd3 Qd7 $11
17. b3 Bf8 18. Bg5 Bg7 19. Bf4 Bf8 {1/2-1/2 Gruenfeld,Y-Beim,V/Rishon Le
Ziyyon 1994/CBM 45 (19)})) 10... dxe5 {Interesting solution.The alternative is
10...f6.} (10... f6 11. exf6 Nhxf6 12. Qd2 $14) 11. Bxe7 Re8 12. d5 $1 {
Obvious but very strong move.} Nf4 $5 {In the case of 12...Re7 black don't
have full compensation for exchange.} (12... Rxe7 $6 13. d6 Qd8 14. dxe7 Qxe7
15. Re1 $36 {0-1 Levitina,I-Ioseliani,N/Shanghai 1992/CBM 33 (65)}) 13. d6 Qa5
14. Bc4 {[%cal Rc4f7] Worth to attention 14.Re1 or 14.Ne4 with unclear
position in both cases.} (14. Re1 Qb4 15. a5 Qxb2 $13) (14. Ne4 Nxe2+ 15. Qxe2
f5 16. Nc3 Nb6) 14... Nb6 15. Bb3 {It seems that Black are tetra-packed and
the pawn"d6" like a fish bone in a throat but black can find the ways to
overcome their troubles.} Nfd5 $5 16. Re1 {[%cal Re1e5][%mdl 512] Sacrifising
material for opening lines for their pieces.} (16. Nxd5 Nxd5 17. Re1 Nxe7 18.
d7 (18. dxe7 Rxe7 19. Ng5 Qc7 $17) 18... Rd8 $15) (16. Ne4 $5 Nxe7 17. dxe7
Rxe7 18. Qd6 $5 (18. Qd8+ Bf8 $17) 18... Bf8 19. Nfg5 Bf5 20. Nf6+ Kh8 21.
Nfxh7 Rd7 22. Qf6+ Bg7 23. Nxf7+ Kxh7 24. Qh4+ Kg8 25. Nxe5+ Rd5 26. Qe7 Rf8
$13) 16... Nxe7 17. dxe7 Rxe7 {[%csl Rf7][%cal Yb3f7,Yd1d8,Ye1e5]} 18. Ng5 {
White developing their initiative.} (18. Qd8+ Bf8 {[%cal Ra8d8]}) 18... Bf5 19.
g4 {Pushing the black pieces back but this option is responsible one.} Bd7 20.
Qd6 Rae8 $2 {Decisive mistake.Black can't stand the pressure.The only move to
solve the problems was 20...Nc8.} (20... Nc8 $1 21. Qd3 Nb6 $11) 21. Nxf7 $1 {
[%mdl 64]} Rxf7 22. Bxf7+ Kxf7 23. b4 $1 {Final chord.The game is close to end.
} Qa6 24. a5 Bf8 25. Qc7 $18 Qc4 26. Ne4 Rc8 27. Qxb7 1-0

[Event "Moscow Aeroflot op"]
[Site "Moscow"]
[Date "2002.02.08"]
[Round "6"]
[White "Meshkov, Yuri A"]
[Black "Firman, Nazar"]
[Result "0-1"]
[WhiteElo "2407"]
[BlackElo "2485"]
[Annotator "Gofshtein,L"]
[PlyCount "78"]
[EventDate "2002.02.04"]
[EventType "swiss"]
[EventRounds "9"]
[EventCountry "RUS"]
[SourceTitle "CBM 088"]
[Source "ChessBase"]
[SourceDate "2002.03.21"]
[SourceVersion "1"]
[SourceVersionDate "2002.03.21"]
[SourceQuality "1"]

1. e4 d6 2. d4 Nf6 3. Nc3 g6 4. Nf3 Bg7 5. Be2 c6 6. a4 a5 7. O-O O-O 8. h3 Na6
9. Bf4 Nb4 {Another line 9...Nc7 gives black solid position.} (9... Nc7 10. Re1
Ne6 11. Be3 Qc7 12. Bf1 Rd8 13. Qd2 Bd7 {1/2-1/2 Spassky,B-Hort,V/Reykjavik
1977/Candidates (36)}) 10. Re1 {White has a little space advantage but its
quite problematic for them to destroy black's position at once.} (10. Qd2 $5 d5
(10... Nd7 11. Rad1 Qc7 12. Bh6 e5 13. Bxg7 Kxg7 $14 {1-0 Nolte,
R-Thamtavatvorn,T/Kuala Lumpur 2001/CBM 84 ext (39)}) (10... Qb6 11. Rad1 Rd8
12. Rfe1 Bd7 13. Bf1 Be8 14. Qe2 e6 $14 {0-1 Dudas,J-Tibensky,R/SVK 2000/EXT
2001 (41)}) (10... b6 $146 11. Rad1 Bb7 12. Bh6 $16 {1-0 Rozentalis,
E-Iuldachev,S/Elista 1998/CBM 66 ext/[Rozentalis] (53)}) (10... e5 11. dxe5
dxe5 12. Bxe5 Qxd2 13. Nxd2 Nxc2 14. Rac1 Nb4 15. Nc4 Be6 16. Nd6 $16 {
:Rozentalis E. 2610-Ftacnik L. 2585, Bundesliga 1998]}) 11. exd5 (11. e5 Ne8
12. Nd1 f6 13. c3 Na6 14. Bh6 Nac7 15. Bd3 Be6 $14 {1/2-1/2 Oral,T-Ftacnik,L/
SVK 1997/EXT 99 (42)}) 11... cxd5 12. Nb5 Ne4 13. Qc1 Bf5 $132 {0-1 Chuchelov,
V-Peev,P/Teteven 1991/EXT 99 (61)}) 10... Nh5 (10... Ne8 11. Nb1 {[%cal Yc2c3]}
d5 12. e5 Nc7 13. c3 Nba6 14. Nbd2 $14 (14. Qd2 Ne6 15. Bh6 Bxh6 16. Qxh6 $14 {
1/2-1/2 Zupe,M-Nikolic,S/Cetinje 1990/EXT 97 (43)}) 14... Ne6 15. Bh2 Nac7 $132
{1-0 Robles,J-Schneider Zinner,W/Cali 2000/CBM 79 ext (35)}) (10... h6 11. Bf1
Kh7 12. Qd2 Be6 13. Rad1 Qc7 14. Bh2 Rad8 $14 {1-0 Anka,E-Stajcic,N/Kecskemet
1991/CBM 23 ext (61)}) (10... Qc7 11. Bh2 Nd7 12. Nb1 e5 13. c3 Na6 14. Nbd2
$14 {1-0 Sisniega,M-Jackson,S/Philadelphia 1987/EXT 97 (35)}) 11. Be3 Qc7 {
Black preparing "e7-e5" moving trying to struggle for the centre.} 12. Qd2 e5
13. Rac1 {Defending pawn in order to free the Queen for the manouevres.} (13.
Bc4 $5) 13... Bd7 14. Red1 {[%cal Yd2d7]} Rfd8 15. Bc4 Be8 {Necessary
prophylactics from pressure on"d"-file and diagonal "a2-g8".} 16. g4 {Too
impulsive. Serious attention worth 16.Bg5 using somewhat disballance in black
pieces position.} (16. Bg5 $5 Nf6 17. Qe3 $16) 16... Nf6 {16...d5 would lead
to quite complicated positions.} (16... d5 $5 17. exd5 (17. gxh5 dxc4 18. hxg6
exd4 $132) 17... cxd5 18. Be2 $14) 17. dxe5 {Reducing the tention in the
centre in order with moving "d6-d5".} (17. Bb3 d5 $5 18. exd5 e4 $132) 17...
dxe5 18. Qe2 h5 {Black try to demonstrate their activity on the King's side.} (
18... h6 $5) 19. Ne1 {Probably better is 19.g5 stricting black pieces position.
} (19. g5 $5) 19... hxg4 20. hxg4 Bd7 21. f3 Be6 {Spoiling their pawn
structure but defending from eventual Qe2-f2.} 22. Bxe6 fxe6 {[%csl Re5,Re6,
Rg6]} 23. Qc4 {[%csl Re6][%cal Rc4e6] White Queen moves from his King.Much
more better looks 23.Nd3 with some advantage due to numerous weaknesses in
black" war camp".} (23. Nd3 $5 Nxd3 24. cxd3 {[%cal Ye3b6,Yc1c7]}) 23... Qf7 {
[%cal Rf7e6]} 24. Ne2 {[%cal Yc2c3] With idea to get off the knight "b4"on
worse position.} Bf8 {[%cal Yf8c5] Black transfer bishop to more comfortable
position and free "h"-file for their tough pieces if it would be necessary.}
25. Kg2 (25. c3 $5 Na6) 25... Bd6 {[%cal Rd6e5]} 26. Bb6 (26. c3 $5) 26... Rd7
27. c3 Nbd5 $5 {[%mdl 576] Unexpected chance changing smooth character of the
game.} (27... Na6 28. Nd3 Rf8 29. Rf1) 28. exd5 exd5 29. Qb3 $6 {Looks not so
logical because Queen moves too far from main place of action.In the case of
29.Qd3 e4 position became too complicated.} (29. Qd3 e4 30. fxe4 dxe4 31. Qh3
Qc4 $36 {[%cal Yd7h7]}) 29... e4 $1 $36 30. c4 Re8 {Brining last tough reserve
to the battle fire. White have serious problems with coordination of their
pieces.} 31. cxd5 Nxd5 $36 {[%cal Rd5f4,Rd5e3,Rd5b6] The threats of black
rising from move to move.} 32. Rxd5 {Too late attempt to break down the
pressure.} cxd5 33. Rc2 Bb4 $1 {How to defend the Knight" e1"?} 34. Nc3 (34.
Bf2 d4 35. Qxf7+ Kxf7 36. fxe4 Bxe1 37. Bxe1 d3 $19) 34... d4 $2 {[%mdl 8192]
Too hastily. 34...Qe6 remained all the threats.} (34... Qe6 $1 $40) 35. Qxf7+
Kxf7 36. fxe4 $2 {[%mdl 8192] Last mistake is made by white.They omitted move
36.Rd2.} (36. Rd2 $1 d3 37. fxe4 $16) 36... dxc3 37. bxc3 Rxe4 38. Nf3 Be7 $19
39. Bxa5 Rxg4+ 0-1